Italy, Spain and Poland Monarchs Quiz - Statistics

General Stats
  • This quiz has been taken 51 times
  • The average score is 17 of 40
Answer Stats
# Name % Correct
? Charlemagne
83%
? Louis
83%
? Philip
83%
? Charles
81%
? Ferdinand
81%
? Isabella
75%
? Alfonso
72%
? Henry
69%
? Juan Carlos
69%
? Joseph
67%
? John
61%
? Lothair
58%
? Amadeo
47%
? Casimir
47%
? Otto
47%
? Sigismund
47%
? Augustus
44%
? Frederick
44%
? Joanna
44%
? Peter
44%
? Stanislaus
42%
? Sancho
39%
? Stephen
39%
? Alexander
36%
? Carloman
36%
? Napoleon
33%
? Bolesław
31%
? Ladislaus
31%
? Anna
25%
? Conrad
22%
? Hedwig
22%
? Michael
22%
? Mieszko
22%
? Wenceslaus
22%
? Pepin
19%
? Berengaria
14%
? Urraca
11%
? Arduin
8%
? Bernard
8%
? Premislaus
3%
No matching quizzes found
Score Distribution
Percent of People with Each Score
Percentile by Number Answered
Your Score History
You have not taken this quiz